Computer organization / (Record no. 590)

MARC details
000 -LEADER
fixed length control field 00669nam a22002297a 4500
005 - DATE AND TIME OF LATEST TRANSACTION
control field 20250420134817.0
008 - FIXED-LENGTH DATA ELEMENTS--GENERAL INFORMATION
fixed length control field 200810b ||||| |||| 00| 0 eng d
020 ## - INTERNATIONAL STANDARD BOOK NUMBER
International Standard Book Number 9780071122184
040 ## - CATALOGING SOURCE
Transcribing agency KCST
082 ## - DEWEY DECIMAL CLASSIFICATION NUMBER
Classification number 004.22
Item number Ha Co
100 ## - MAIN ENTRY--PERSONAL NAME
Personal name Hamacher, Carl
9 (RLIN) 5006
245 ## - TITLE STATEMENT
Title Computer organization /
Statement of responsibility, etc. Hamacher Carl, Zvonko Vranesic, Safwat Zaky
250 ## - EDITION STATEMENT
Edition statement 5th edition
Remainder of edition statement Int. edition
260 ## - PUBLICATION, DISTRIBUTION, ETC.
Place of publication, distribution, etc. Boston, Mass. : McGraw-Hill,
Name of publisher, distributor, etc. McGraw-Hill,
Date of publication, distribution, etc. 2002.
300 ## - PHYSICAL DESCRIPTION
Extent 805 p.
650 ## - SUBJECT ADDED ENTRY--TOPICAL TERM
Topical term or geographic name entry element Computer organization.
9 (RLIN) 5007
650 ## - SUBJECT ADDED ENTRY--TOPICAL TERM
Topical term or geographic name entry element Computer architecture
9 (RLIN) 5008
700 ## - ADDED ENTRY--PERSONAL NAME
Personal name Vranesic, Zvonko
9 (RLIN) 5009
700 ## - ADDED ENTRY--PERSONAL NAME
Personal name Zaky, Safwat
9 (RLIN) 5010
942 ## - ADDED ENTRY ELEMENTS (KOHA)
Koha item type Book
942 ## - ADDED ENTRY ELEMENTS (KOHA)
Source of classification or shelving scheme Dewey Decimal Classification
Holdings
Withdrawn status Lost status Source of classification or shelving scheme Damaged status Not for loan Home library Current library Date acquired Cost, normal purchase price Total checkouts Full call number Barcode Date last seen Price effective from Koha item type
    Dewey Decimal Classification     KCST Library KCST Library 10/08/2020 23.22   004.22 Ha Co 1000000642 10/08/2020 10/08/2020 Book
© 2025 KCST. All rights reserved